[Event "Olympiad Women-39"]
[Site "Khanty-Mansiysk"]
[Date "2010.09.25"]
[Round "5.29"]
[White "Hernandez Guerrero, Yadira"]
[Black "Fierro Baquero, Martha Lorena"]
[Result "0-1"]
[WhiteElo "2160"]
[BlackElo "2368"]
[PlyCount "90"]
[EventDate "2010.09.21"]
[EventType "team-swiss"]
[EventRounds "11"]
[EventCountry "RUS"]
[SourceTitle "CBM 139"]
[Source "ChessBase"]
[SourceDate "2010.11.18"]
[SourceVersion "1"]
[SourceVersionDate "2010.11.18"]
[SourceQuality "1"]
[WhiteTeam "Mexico (W)"]
[BlackTeam "Ecuador (W)"]
[WhiteTeamCountry "MEX"]
[BlackTeamCountry "ECU"]

1. d4 g6 2. Nf3 Bg7 3. g3 c5 4. d5 d6 5. Bg2 Nf6 6. c4 b5 7. cxb5 a6 8. b6 Nbd7 9. Nc3 Nxb6 10. 0-0 0-0 11. Re1 Rb8 12. Nd2 Bb7 13. e4 Nfd7 14. Qe2 Qc7 15. a4 Rbe8 16. a5 Nc8 17. Nc4 Na7 18. Bd2 Nb5 19. Nxb5 axb5 20. Nb6 Ba6 21. Nxd7 Qxd7 22. Rab1 Rc8 23. Rec1 Qa7 24. Bf1 Bd4 25. b4 c4 26. Bh6 Rfe8 27. Rc2 Rc7 28. Rd1 Bb7 29. Qd2 Bg7 30. Be3 Qa8 31. Bb6 Rd7 32. h4 e6 33. Bh3 Rde7 34. Bd4 Bxd4 35. Qxd4 exd5 36. Bg2 dxe4 37. Qxd6 e3 38. fxe3 Bxg2 39. Rxg2 Rxe3 40. Rd5 c3 41. Kh2 Re2 42. Rxe2 Rxe2+ 43. Kh3 c2 44. Qd8+ Kg7 45. Qxa8 c1Q 0-1

[Event "Olympiad Women-39"]
[Site "Khanty-Mansiysk"]
[Date "2010.09.23"]
[Round "3.20"]
[White "Daulyte Cornette, Deimante"]
[Black "Hernandez Guerrero, Yadira"]
[Result "1-0"]
[WhiteElo "2307"]
[BlackElo "2160"]
[PlyCount "81"]
[EventDate "2010.09.21"]
[EventType "team-swiss"]
[EventRounds "11"]
[EventCountry "RUS"]
[SourceTitle "CBM 139"]
[Source "ChessBase"]
[SourceDate "2010.11.18"]
[SourceVersion "1"]
[SourceVersionDate "2010.11.18"]
[SourceQuality "1"]
[WhiteTeam "Lithuania (W)"]
[BlackTeam "Mexico (W)"]
[WhiteTeamCountry "LTU"]
[BlackTeamCountry "MEX"]

1. e4 e6 2. d4 d5 3. e5 c5 4. c3 Nc6 5. Nf3 Bd7 6. Be2 cxd4 7. cxd4 Nh6 8. 0-0 Qb6 9. Nc3 Nf5 10. Na4 Qd8 11. Be3 Be7 12. Rc1 0-0 13. Nc5 Bc8 14. Qd2 a5 15. Bb5 Na7 16. Bd3 b6 17. Na4 Bd7 18. Nc3 Nxe3 19. fxe3 b5 20. Rf2 b4 21. Ne2 Bb5 22. Ng3 Rc8 23. Rcf1 Qc7 24. Ne1 Bxd3 25. Nxd3 Qc4 26. b3 Qb5 27. Nf4 Rc3 28. Nge2 Rcc8 29. Ng3 Bh4 30. Qd1 Bxg3 31. hxg3 Qd7 32. Nh5 Kh8 33. Qg4 f5 34. exf6 g6 35. Ng7 Rc6 36. Qg5 Rf7 37. Rf4 e5 38. dxe5 Rxg7 39. fxg7+ Kxg7 40. Rh4 h5 41. Rxh5 1-0

[Event "American Continental (Women) 05th"]
[Site "Cali"]
[Date "2009.09.06"]
[Round "8"]
[White "Hernandez Guerrero, Yadira"]
[Black "Felix Vega, Aurora Edith"]
[Result "0-1"]
[WhiteElo "2199"]
[BlackElo "1833"]
[PlyCount "69"]
[EventDate "2009.09.01"]
[EventType "swiss"]
[EventRounds "9"]
[EventCountry "COL"]
[SourceTitle "CBM 132 Extra"]
[Source "ChessBase"]
[SourceDate "2009.11.03"]
[SourceVersion "1"]
[SourceVersionDate "2009.11.03"]
[SourceQuality "1"]

1. c4 Nf6 2. Nf3 g6 3. d4 Bg7 4. Nc3 0-0 5. e4 d6 6. Be2 Nc6 7. 0-0 e5 8. d5 Ne7 9. b4 Nd7 10. Nd2 f5 11. Nb3 f4 12. f3 g5 13. c5 Nf6 14. cxd6 cxd6 15. Bd2 Ng6 16. Rc1 Rf7 17. Nb5 Bf8 18. Qc2 Ne8 19. a4 h5 20. Qd3 Rg7 21. Rf2 g4 22. Rxc8 Qxc8 23. Rf1 Nf6 24. Rc1 Qd8 25. Be1 g3 26. h3 Nh7 27. a5 Ng5 28. Bd2 h4 29. Bf1 a6 30. Nc3 b5 31. Nxb5 axb5 32. Qxb5 Rb8 33. Qa6 Rxb4 34. Qb5 Qb8 35. Qc6 0-1

[Event "American Continental (Women) 05th"]
[Site "Cali"]
[Date "2009.09.05"]
[Round "7"]
[White "Ubaldo Suarez, Maria Gisela"]
[Black "Hernandez Guerrero, Yadira"]
[Result "1-0"]
[WhiteElo "2120"]
[BlackElo "2199"]
[PlyCount "59"]
[EventDate "2009.09.01"]
[EventType "swiss"]
[EventRounds "9"]
[EventCountry "COL"]
[SourceTitle "CBM 132 Extra"]
[Source "ChessBase"]
[SourceDate "2009.11.03"]
[SourceVersion "1"]
[SourceVersionDate "2009.11.03"]
[SourceQuality "1"]

1. d4 c5 2. d5 Nf6 3. c4 g6 4. Nc3 d6 5. e4 Bg7 6. Be2 0-0 7. f4 e6 8. Nf3 exd5 9. cxd5 Na6 10. 0-0 Nc7 11. a4 Nd7 12. Ng5 a6 13. Bc4 b5 14. axb5 Nb6 15. Be2 c4 16. bxa6 Nxa6 17. Be3 Qc7 18. Nb5 Qd7 19. Nd4 h6 20. Nge6 fxe6 21. Nxe6 Rb8 22. Nxf8 Bxf8 23. f5 Nc5 24. fxg6 Nxe4 25. Rf7 Qe8 26. Bh5 Nxd5 27. g7 Nxe3 28. gxf8Q+ Qxf8 29. Rxf8+ Kxf8 30. Qf3+ 1-0

[Event "American Continental (Women) 05th"]
[Site "Cali"]
[Date "2009.09.03"]
[Round "4"]
[White "Mendoza Velazquez, Lorena Alejandra"]
[Black "Hernandez Guerrero, Yadira"]
[Result "1/2-1/2"]
[WhiteElo "1973"]
[BlackElo "2199"]
[PlyCount "20"]
[EventDate "2009.09.01"]
[EventType "swiss"]
[EventRounds "9"]
[EventCountry "COL"]
[SourceTitle "CBM 132 Extra"]
[Source "ChessBase"]
[SourceDate "2009.11.03"]
[SourceVersion "1"]
[SourceVersionDate "2009.11.03"]
[SourceQuality "1"]

1. e4 c5 2. Nf3 Nc6 3. Nc3 d6 4. d4 cxd4 5. Nxd4 Nf6 6. f3 g6 7. Be3 Bg7 8. Qd2 0-0 9. Bc4 Bd7 10. 0-0-0 Rc8 1/2-1/2

[Event "American Continental (Women) 05th"]
[Site "Cali"]
[Date "2009.09.01"]
[Round "1"]
[White "Hernandez Guerrero, Yadira"]
[Black "Chavez, Diana Maria"]
[Result "1-0"]
[WhiteElo "2199"]
[BlackElo "1884"]
[PlyCount "89"]
[EventDate "2009.09.01"]
[EventType "swiss"]
[EventRounds "9"]
[EventCountry "COL"]
[SourceTitle "CBM 132 Extra"]
[Source "ChessBase"]
[SourceDate "2009.11.03"]
[SourceVersion "1"]
[SourceVersionDate "2009.11.03"]
[SourceQuality "1"]

1. Nf3 Nf6 2. d4 e6 3. g3 c5 4. Bg2 cxd4 5. 0-0 d5 6. Nxd4 Nc6 7. c4 Bc5 8. Nb3 Bb6 9. cxd5 Nxd5 10. Nc3 Nxc3 11. bxc3 0-0 12. Ba3 Re8 13. Qxd8 Rxd8 14. Rad1 e5 15. Bd5 Bh3 16. Rfe1 Rac8 17. Rd3 a5 18. e4 a4 19. Bc5 Bxc5 20. Nxc5 b5 21. Red1 g6 22. f3 Na5 23. Na6 Kg7 24. g4 f5 25. gxf5 gxf5 26. Kf2 f4 27. Rb1 Rd6 28. Rg1+ Kh6 29. Nb4 Rcd8 30. Rdd1 Nc4 31. Nc6 R8d7 32. Ke2 Ne3 33. Nxe5 Nxd1 34. Rxd1 Rc7 35. Nf7+ Rxf7 36. Bxf7 Rd7 37. Be8 Rxd1 38. Kxd1 Bf1 39. Bf7 Bh3 40. Ke2 Bd7 41. Kd3 Kg7 42. Bd5 Kf6 43. Kd4 Bh3 44. e5+ Ke7 45. Ke4 1-0

[Event "WMSG Blitz Team 1st (Women)"]
[Site "Beijing"]
[Date "2008.10.13"]
[Round "6"]
[White "Houska, Jovanka"]
[Black "Hernandez Guerrero, Yadira"]
[Result "1-0"]
[WhiteElo "2399"]
[BlackElo "2228"]
[PlyCount "116"]
[EventDate "2008.10.13"]
[EventType "team (blitz)"]
[EventRounds "11"]
[EventCountry "CHN"]
[SourceTitle "CBM 126 Extra"]
[Source "ChessBase"]
[SourceDate "2008.11.05"]
[SourceVersion "1"]
[SourceVersionDate "2008.11.05"]
[SourceQuality "1"]

1. d4 d6 2. e4 Nf6 3. Nc3 g6 4. Nf3 Bg7 5. Be2 0-0 6. 0-0 c6 7. a4 Bg4 8. h3 Bxf3 9. Bxf3 e5 10. dxe5 dxe5 11. Qxd8 Rxd8 12. Be3 Na6 13. Na2 h6 14. Rfd1 Nd7 15. b4 Nb6 16. a5 Nc4 17. Rxd8+ Rxd8 18. Bxa7 f5 19. Be2 Nd6 20. exf5 Nxf5 21. Rd1 Rxd1+ 22. Bxd1 e4 23. c4 Nc7 24. Bb6 Na8 25. Ba7 Nc7 26. Bb8 Na6 27. Bf4 g5 28. Bd2 Bd4 29. b5 Nc5 30. bxc6 bxc6 31. Bc3 Kf7 32. Bg4 Bxc3 33. Nxc3 Nd4 34. g3 Ndb3 35. Bf5 Nxa5 36. Nxe4 Nxe4 37. Bxe4 Ke6 38. Bd3 Ke5 39. Bf1 c5 40. Kg2 Nc6 41. Kf3 Nd4+ 42. Kg4 Kf6 43. Kh5 Kg7 44. f4 gxf4 45. gxf4 Ne6 46. f5 Nf4+ 47. Kg4 Nxh3 48. Bxh3 Kf6 49. Kf4 h5 50. Bf1 h4 51. Bh3 Kf7 52. Kg5 Kg7 53. Kxh4 Kf6 54. Kg4 Ke5 55. Kg5 Kd4 56. Bf1 Ke5 57. f6 Ke6 58. Kg6 Ke5 1-0

[Event "WMSG Blitz Team 1st (Women)"]
[Site "Beijing"]
[Date "2008.10.13"]
[Round "7"]
[White "Mira, Helene"]
[Black "Hernandez Guerrero, Yadira"]
[Result "1-0"]
[WhiteElo "2115"]
[BlackElo "2228"]
[PlyCount "116"]
[EventDate "2008.10.13"]
[EventType "team (blitz)"]
[EventRounds "11"]
[EventCountry "CHN"]
[SourceTitle "CBM 126 Extra"]
[Source "ChessBase"]
[SourceDate "2008.11.05"]
[SourceVersion "1"]
[SourceVersionDate "2008.11.05"]
[SourceQuality "1"]

1. Nf3 Nf6 2. c4 d6 3. d4 g6 4. Nc3 Bg7 5. e4 0-0 6. Be2 Bg4 7. Ng1 Bxe2 8. Ngxe2 Nbd7 9. 0-0 e5 10. d5 Nc5 11. f3 a5 12. Be3 Nfd7 13. b3 f5 14. a3 f4 15. Bf2 Na6 16. Rb1 g5 17. b4 axb4 18. axb4 b6 19. Qb3 Nf6 20. Rfc1 Kh8 21. Kf1 Rg8 22. Ke1 Qe8 23. h3 h5 24. Kd2 Bh6 25. Kd3 Kg7 26. Ra1 Kg6 27. Ra2 g4 28. hxg4 hxg4 29. Rca1 Qc8 30. b5 Nc5+ 31. Bxc5 Rxa2 32. Qxa2 dxc5 33. Qa7 Ne8 34. Rh1 Nd6 35. Qa1 Bg5 36. Nd1 Bf6 37. Nf2 g3 38. Ng4 Bg7 39. Rh3 Qe8 40. Qh1 Rh8 41. Rxh8 Qxh8 42. Qxh8 Bxh8 43. Kc3 Kg5 44. Nc1 Bg7 45. Nd3 Nf7 46. Kb3 Kh4 47. Kc3 Ng5 48. Kd2 Nxf3+ 49. gxf3 g2 50. Ndxe5 Bxe5 51. Nxe5 g1Q 52. Nd3 Qg2+ 53. Ke1 Qxf3 54. Kd2 Qe3+ 55. Kc3 f3 56. e5 f2 57. d6 cxd6 58. exd6 f1Q 1-0

[Event "WMSG Rapid Pair 1st"]
[Site "Beijing"]
[Date "2008.10.09"]
[Round "2"]
[White "Greeff, Melissa"]
[Black "Hernandez Guerrero, Yadira"]
[Result "1-0"]
[WhiteElo "1963"]
[BlackElo "2228"]
[PlyCount "137"]
[EventDate "2008.10.09"]
[EventType "swiss (rapid)"]
[EventRounds "9"]
[EventCountry "CHN"]
[SourceTitle "CBM 126 Extra"]
[Source "ChessBase"]
[SourceDate "2008.11.05"]
[SourceVersion "1"]
[SourceVersionDate "2008.11.05"]
[SourceQuality "1"]

1. e4 c5 2. Nf3 e6 3. d4 cxd4 4. Nxd4 a6 5. Be3 Qc7 6. c4 Nf6 7. f3 Be7 8. Nc3 0-0 9. a3 d6 10. Qd2 Nbd7 11. Be2 Ne5 12. b3 b6 13. 0-0 Bb7 14. Rfc1 Rac8 15. Bf1 Nfd7 16. Kh1 Qb8 17. a4 Bd8 18. Bg1 Nc5 19. b4 Ncd7 20. Qa2 Bg5 21. Rc2 Bf6 22. a5 Nc6 23. Nxc6 Rxc6 24. Rac1 Bg5 25. Rb1 Qa8 26. b5 axb5 27. cxb5 Rxc3 28. Rxc3 bxa5 29. Ra3 d5 30. Rxa5 Qb8 31. Rd1 Ne5 32. Bc5 Rc8 33. Qa3 Qc7 34. b6 Qd8 35. Ra7 Nd7 36. Bf2 Rb8 37. Bg3 e5 38. exd5 Qxb6 39. Ra4 h5 40. Be1 Re8 41. Ba5 Qf2 42. Qa2 Qc5 43. Bb4 Qb6 44. Ba5 Qd6 45. Bb4 Qg6 46. Bd3 Qh6 47. Bb5 Rd8 48. Ba5 Nb6 49. Bxb6 Qxb6 50. Bc4 Kh7 51. Qc2+ g6 52. Qb3 Qxb3 53. Bxb3 Bc8 54. Ra8 h4 55. d6 h3 56. d7 hxg2+ 57. Kxg2 Rxd7 58. Rxc8 Rb7 59. Rc3 Bf4 60. Rd8 g5 61. Rdc8 Kg6 62. R8c7 Rb4 63. Bxf7+ Kf5 64. Bb3 Rd4 65. Rc2 Rd3 66. Rf7+ Kg6 67. Bc4 Rd4 68. Ba2 Ra4 69. Rc6+ 1-0

[Event "WMSG Blitz Pair 1st"]
[Site "Beijing"]
[Date "2008.10.08"]
[Round "8"]
[White "Hernandez Guerrero, Yadira"]
[Black "Sukandar, Irine Kharisma"]
[Result "0-1"]
[WhiteElo "2228"]
[BlackElo "2303"]
[PlyCount "132"]
[EventDate "2008.10.08"]
[EventType "swiss (blitz)"]
[EventRounds "11"]
[EventCountry "CHN"]
[SourceTitle "CBM 126 Extra"]
[Source "ChessBase"]
[SourceDate "2008.11.05"]
[SourceVersion "1"]
[SourceVersionDate "2008.11.05"]
[SourceQuality "1"]

1. d4 Nf6 2. Nf3 e6 3. g3 b6 4. Bg2 Bb7 5. c4 Be7 6. 0-0 0-0 7. Nc3 d5 8. Ne5 Nbd7 9. Nxd7 Qxd7 10. cxd5 exd5 11. Bf4 c5 12. h4 h6 13. Rc1 Rac8 14. Be5 Rfd8 15. Re1 Qe6 16. Qd3 Nd7 17. Bf4 Bf6 18. Be3 c4 19. Qd2 Nf8 20. Kh2 Qd6 21. Bf4 Qe7 22. e4 dxe4 23. Nxe4 Rxd4 24. Nxf6+ Qxf6 25. Qc3 Bxg2 26. Kxg2 Qc6+ 27. Kh2 Ne6 28. Rxe6 Qd5 29. Re5 Qd8 30. Qe3 Kh7 31. Re1 Rd3 32. Qe4+ g6 33. Re7 Kg7 34. Be5+ Kg8 35. Bf6 Qd6 36. Re8+ Rxe8 37. Qxe8+ Qf8 38. Qxf8+ Kxf8 39. Be7+ Kg7 40. Bb4 a5 41. Bc3+ Kh7 42. Re7 Rf3 43. Kg2 Rf5 44. g4 Rf4 45. Kg3 g5 46. h5 a4 47. Be5 Re4 48. f3 Re2 49. Rxf7+ Kg8 50. Rg7+ Kf8 51. Rh7 Rxe5 52. Rxh6 b5 53. Rb6 a3 54. bxa3 Rc5 55. h6 Kg8 56. Kf2 c3 57. Rd6 c2 58. Rd8+ Kh7 59. Rd7+ Kxh6 60. Rd6+ Kg7 61. Rd7+ Kf6 62. Rd6+ Ke7 63. Rd4 c1Q 64. Re4+ Kf6 65. Rb4 Qxa3 66. Rb3 Qxa2+ 0-1

[Event "WMSG Blitz Pair 1st"]
[Site "Beijing"]
[Date "2008.10.08"]
[Round "4"]
[White "Ozturk Orenli, Kubra"]
[Black "Hernandez Guerrero, Yadira"]
[Result "1-0"]
[WhiteElo "2254"]
[BlackElo "2228"]
[PlyCount "75"]
[EventDate "2008.10.08"]
[EventType "swiss (blitz)"]
[EventRounds "11"]
[EventCountry "CHN"]
[SourceTitle "CBM 126 Extra"]
[Source "ChessBase"]
[SourceDate "2008.11.05"]
[SourceVersion "1"]
[SourceVersionDate "2008.11.05"]
[SourceQuality "1"]

1. d4 Nf6 2. c4 g6 3. Nf3 c5 4. g3 Bg7 5. Bg2 d6 6. Nc3 cxd4 7. Nxd4 0-0 8. 0-0 a6 9. b3 Qa5 10. Bb2 Nbd7 11. Nc2 Ne5 12. Qd2 Bf5 13. Ne3 Rab8 14. Rfd1 Qc5 15. Ncd5 Nxd5 16. Nxd5 Rfe8 17. Bd4 Qc8 18. Ba7 Ra8 19. Nb6 Qc5 20. Nxa8 Qxa7 21. Nc7 Ng4 22. e4 Rc8 23. Nd5 Bh6 24. Qe2 Be6 25. Nxe7+ Kg7 26. Nxc8 Bxc8 27. Rd3 Ne5 28. Rdd1 Qc5 29. h3 Bg5 30. Kh2 h5 31. f4 Ng4+ 32. hxg4 Bxg4 33. Bf3 h4 34. Bxg4 hxg3+ 35. Kxg3 Bxf4+ 36. Kxf4 Qe5+ 37. Kf3 f5 38. exf5 1-0

[Event "WMSG Rapid 1st (Women)"]
[Site "Beijing"]
[Date "2008.10.07"]
[Round "9"]
[White "Hernandez Guerrero, Yadira"]
[Black "Pourkashiyan, Atousa"]
[Result "0-1"]
[WhiteElo "2228"]
[BlackElo "2241"]
[PlyCount "117"]
[EventDate "2008.10.05"]
[EventType "swiss (rapid)"]
[EventRounds "9"]
[EventCountry "CHN"]
[SourceTitle "CBM 126 Extra"]
[Source "ChessBase"]
[SourceDate "2008.11.05"]
[SourceVersion "1"]
[SourceVersionDate "2008.11.05"]
[SourceQuality "1"]

1. d4 Nf6 2. Nf3 e6 3. c4 d5 4. g3 dxc4 5. Qa4+ Bd7 6. Qxc4 Bc6 7. Bg2 Bd5 8. Qc2 c5 9. dxc5 Nbd7 10. Nc3 Bxc5 11. 0-0 Bc6 12. a3 a5 13. Bg5 0-0 14. Rad1 a4 15. Bxf6 gxf6 16. Ne4 Be7 17. Nd4 Bd5 18. Qd2 Ne5 19. Qf4 Ng6 20. Qh6 Qb6 21. h4 Bxe4 22. Bxe4 f5 23. Bxf5 Bf6 24. Bxg6 hxg6 25. Nf3 Qxb2 26. h5 Bg7 27. Qg5 Qxe2 28. Kg2 gxh5 29. Rfe1 Qb2 30. Qxh5 Rfd8 31. Rb1 Qf6 32. Rxb7 Rd5 33. Qg4 Rf5 34. Reb1 Rd8 35. Rb8 Kh7 36. Rxd8 Qxd8 37. Qxa4 Qd5 38. Qh4+ Rh5 39. Qg4 Rh6 40. Rd1 Qa5 41. Ng5+ Kg8 42. Nf3 Kh7 43. Qe4+ Kg8 44. Rd7 f5 45. Qb7 Rg6 46. Nh4 Rg4 47. Qc6 Qe5 48. Nf3 Qe2 49. Rd2 Qe4 50. Qe8+ Kh7 51. Qh5+ Bh6 52. Rd7+ Rg7 53. Rxg7+ Kxg7 54. Qe8 f4 55. Qe7+ Kg8 56. Qe8+ Kg7 57. Qe7+ Kg8 58. Qb4 Qd5 59. Qc4 0-1

[Event "WMSG Blitz 1st (Women)"]
[Site "Beijing"]
[Date "2008.10.04"]
[Round "1"]
[White "Zdebskaja, Natalia"]
[Black "Hernandez Guerrero, Yadira"]
[Result "1-0"]
[WhiteElo "2419"]
[BlackElo "2228"]
[PlyCount "157"]
[EventDate "2008.10.04"]
[EventType "swiss (blitz)"]
[EventRounds "11"]
[EventCountry "CHN"]
[SourceTitle "CBM 126 Extra"]
[Source "ChessBase"]
[SourceDate "2008.11.05"]
[SourceVersion "1"]
[SourceVersionDate "2008.11.05"]
[SourceQuality "1"]

1. e4 d6 2. d4 Nf6 3. Nc3 g6 4. f4 Bg7 5. Nf3 0-0 6. Bd3 Na6 7. 0-0 c5 8. d5 Bg4 9. h3 Bxf3 10. Qxf3 Rc8 11. Bc4 Nc7 12. a4 a6 13. a5 Nd7 14. Kh1 b5 15. axb6 Nxb6 16. Be2 c4 17. Qf2 Rb8 18. Be3 Nb5 19. Rxa6 Nd7 20. Bxc4 Nxc3 21. bxc3 Bxc3 22. Bd4 Bxd4 23. Qxd4 Nc5 24. Rc6 Rb4 25. Qc3 Qb8 26. e5 Rb1 27. exd6 exd6 28. Rxb1 Qxb1+ 29. Kh2 Qc1 30. Qf3 Re8 31. Rxd6 Ne4 32. Rc6 Nd2 33. Qf2 Re1 34. Rc8+ Kg7 35. Bd3 Rh1+ 36. Kg3 h5 37. f5 Nf1+ 38. Bxf1 Qg5+ 39. Kf3 Qxf5+ 40. Ke2 Qxc8 41. Qd4+ Kh7 42. c4 Qe8+ 43. Kf2 Qe7 44. c5 h4 45. d6 Qe6 46. Qxh4+ Kg7 47. Qd4+ Kh7 48. Qf4 Qa2+ 49. Be2 Qd5 50. Qh4+ Kg7 51. d7 Qxc5+ 52. Kg3 Qd6+ 53. Qf4 Qxd7 54. Qe5+ f6 55. Qf4 g5 56. Qb8 Qe7 57. Bf3 Re1 58. Kh2 Qe5+ 59. Qxe5 fxe5 60. Kg3 e4 61. Bh5 Kf6 62. Bg4 Rf1 63. Be2 e3 64. Bxf1 Ke5 65. Kg4 Ke4 66. Kxg5 e2 67. Bxe2 Ke3 68. h4 Kxe2 69. h5 Kf2 70. h6 Kxg2 71. h7 Kf3 72. h8Q Ke3 73. Qf6 Kd2 74. Qe5 Kc2 75. Qe3 Kb2 76. Qd3 Kc1 77. Qe2 Kb1 78. Kf4 Kc1 79. Qd1+ 1-0

[Event "Olympiad Women-37"]
[Site "Turin"]
[Date "2006.05.28"]
[Round "7"]
[White "Hernandez Guerrero, Yadira"]
[Black "Heinatz, Gundula"]
[Result "0-1"]
[WhiteElo "2225"]
[BlackElo "2277"]
[PlyCount "86"]
[EventDate "2006.05.21"]
[EventType "team-swiss"]
[EventRounds "13"]
[EventCountry "ITA"]
[SourceTitle "CBM 112 Extra"]
[Source "ChessBase"]
[SourceDate "2006.07.14"]
[SourceVersion "1"]
[SourceVersionDate "2006.07.14"]
[SourceQuality "1"]
[WhiteTeam "Mexico (W)"]
[BlackTeam "Switzerland (W)"]
[WhiteTeamCountry "MEX"]
[BlackTeamCountry "SUI"]

1. e4 c5 2. Nf3 Nc6 3. d4 cxd4 4. Nxd4 Nf6 5. Nc3 d6 6. Bc4 e6 7. Bb3 a6 8. 0-0 Be7 9. Be3 0-0 10. f4 Na5 11. f5 Nxb3 12. Nxb3 b5 13. a3 Bb7 14. Qf3 exf5 15. Qxf5 Qc8 16. Qf4 Qg4 17. Na5 Qxf4 18. Rxf4 Bc8 19. Nc6 Re8 20. Nxe7+ Rxe7 21. Rd1 Bb7 22. Rxd6 Nxe4 23. Nxe4 Bxe4 24. Bc5 Bxc2 25. Rd2 Re1+ 26. Kf2 Rc1 27. Bb4 Bb3 28. Rf3 Be6 29. Bc3 Bc4 30. Rd6 Re8 31. Kg3 h5 32. Bd2 Rb1 33. Bc3 Re4 34. Rf4 Re6 35. Rd8+ Kh7 36. Kh4 Re2 37. Kg3 Re6 38. h3 Rh1 39. Rf5 Rg6+ 40. Kh4 Rxg2 41. Rxh5+ Kg6 42. Re5 Be6 43. Re3 Rg4# 0-1

[Event "Olympiad Women-37"]
[Site "Turin"]
[Date "2006.05.27"]
[Round "6"]
[White "Hernandez Guerrero, Yadira"]
[Black "Tilenbaeva, Janyl"]
[Result "0-1"]
[WhiteElo "2225"]
[BlackElo "2051"]
[PlyCount "122"]
[EventDate "2006.05.21"]
[EventType "team-swiss"]
[EventRounds "13"]
[EventCountry "ITA"]
[SourceTitle "CBM 112 Extra"]
[Source "ChessBase"]
[SourceDate "2006.07.14"]
[SourceVersion "1"]
[SourceVersionDate "2006.07.14"]
[SourceQuality "1"]
[WhiteTeam "Mexico (W)"]
[BlackTeam "Kyrgyzstan (W)"]
[WhiteTeamCountry "MEX"]
[BlackTeamCountry "KGZ"]

1. d4 d5 2. c4 c6 3. e3 Nf6 4. Nf3 g6 5. Bd3 Bg7 6. 0-0 0-0 7. Nbd2 Nbd7 8. b3 Re8 9. Bb2 Nf8 10. Qc2 Ng4 11. h3 Nh6 12. Rac1 Bf5 13. Rfd1 Bxd3 14. Qxd3 Ne6 15. b4 a5 16. a3 a4 17. Qc2 Nf5 18. c5 Nc7 19. Ne5 f6 20. Nef3 Nb5 21. e4 dxe4 22. Nxe4 e6 23. Qc4 Qd5 24. Ned2 Bh6 25. Rc2 Rad8 26. Qxd5 exd5 27. Nf1 Re6 28. g4 Ng7 29. Ng3 Rde8 30. Kf1 R6e7 31. h4 Ne6 32. Ne2 Bf4 33. Nc3 Nxc3 34. Bxc3 Nc7 35. Re1 Nb5 36. Bb2 Rxe1+ 37. Nxe1 Re4 38. Re2 Kf7 39. Ng2 Bh6 40. Rxe4 dxe4 41. Ke2 Ke6 42. f4 exf3+ 43. Kxf3 Kd5 44. g5 fxg5 45. Ne3+ Ke6 46. Ng4 Bf8 47. hxg5 Kf5 48. Ne3+ Kxg5 49. d5 cxd5 50. Nxd5 Kf5 51. Nb6 g5 52. Nxa4 g4+ 53. Kg2 h5 54. Nb6 h4 55. Nd5 h3+ 56. Kg3 Bh6 57. a4 Nc7 58. Ne7+ Ke6 59. Nc8 Bf4+ 60. Kf2 g3+ 61. Kf1 g2+ 0-1

[Event "Olympiad Women-37"]
[Site "Turin"]
[Date "2006.05.25"]
[Round "5"]
[White "Aketayeva, Dana"]
[Black "Hernandez Guerrero, Yadira"]
[Result "1/2-1/2"]
[WhiteElo "2328"]
[BlackElo "2225"]
[PlyCount "129"]
[EventDate "2006.05.21"]
[EventType "team-swiss"]
[EventRounds "13"]
[EventCountry "ITA"]
[SourceTitle "CBM 112 Extra"]
[Source "ChessBase"]
[SourceDate "2006.07.14"]
[SourceVersion "1"]
[SourceVersionDate "2006.07.14"]
[SourceQuality "1"]
[WhiteTeam "Kazakhstan (W)"]
[BlackTeam "Mexico (W)"]
[WhiteTeamCountry "KAZ"]
[BlackTeamCountry "MEX"]

1. e4 c5 2. Nf3 e6 3. d4 cxd4 4. Nxd4 Nc6 5. Nxc6 bxc6 6. Bd3 d6 7. c4 Nf6 8. Nc3 Be7 9. 0-0 0-0 10. Be3 Bb7 11. Qe2 Re8 12. Rad1 Qc7 13. f4 c5 14. Bc1 Nd7 15. Rf3 Bf6 16. Nb5 Qb6 17. Bc2 Bd4+ 18. Kh1 e5 19. f5 f6 20. Rg3 Kh8 21. Qh5 Re7 22. Rf1 a6 23. Nc3 Bc6 24. Rff3 Qb7 25. Rh3 Nf8 26. Rh4 Bxc3 27. Rxc3 Be8 28. Qd1 Rd8 29. Rd3 Bf7 30. b3 Red7 31. Rdh3 a5 32. a4 Bg8 33. Bd2 Qb6 34. Qe1 Ra7 35. Bd1 Rb8 36. Bh5 Rab7 37. Bg6 Qc6 38. Rxh7+ Bxh7 39. Rxh7+ Kg8 40. Qh4 Nxh7 41. Qxh7+ Kf8 42. Qh8+ Ke7 43. Qxg7+ Kd8 44. Bxa5+ Rb6 45. Qxf6+ Kc8 46. Qe6+ Kb7 47. Bxb6 Qxe4 48. Qd7+ Kxb6 49. Qxd6+ Ka5 50. Qxc5+ Ka6 51. h3 Rxb3 52. Qd6+ Rb6 53. Qd2 Qxc4 54. Be8 Qf1+ 55. Kh2 Qxf5 56. Bb5+ Kb7 57. Qd7+ Qxd7 58. Bxd7 Rd6 59. Bb5 e4 60. Kg3 Rf6 61. h4 Kb6 62. h5 e3 63. h6 Rxh6 64. Kf3 Rg6 65. Kxe3 1/2-1/2

[Event "Olympiad Women-37"]
[Site "Turin"]
[Date "2006.05.24"]
[Round "4"]
[White "Reizniece Ozola, Dana"]
[Black "Hernandez Guerrero, Yadira"]
[Result "1/2-1/2"]
[WhiteElo "2287"]
[BlackElo "2225"]
[PlyCount "95"]
[EventDate "2006.05.21"]
[EventType "team-swiss"]
[EventRounds "13"]
[EventCountry "ITA"]
[SourceTitle "CBM 112 Extra"]
[Source "ChessBase"]
[SourceDate "2006.07.14"]
[SourceVersion "1"]
[SourceVersionDate "2006.07.14"]
[SourceQuality "1"]
[WhiteTeam "Latvia (W)"]
[BlackTeam "Mexico (W)"]
[WhiteTeamCountry "LAT"]
[BlackTeamCountry "MEX"]

1. c4 c5 2. Nf3 Nc6 3. d4 cxd4 4. Nxd4 g6 5. e4 Bg7 6. Be3 d6 7. Nc3 Nf6 8. f3 0-0 9. Qd2 a6 10. Be2 Bd7 11. 0-0 Nxd4 12. Bxd4 Bc6 13. Rfc1 Nd7 14. Be3 b6 15. Nd5 Rc8 16. Rab1 Re8 17. Kh1 Ba8 18. b4 Rb8 19. Rc2 e6 20. Nf4 Qe7 21. Rd1 Bf8 22. Nh3 Rbd8 23. Bf4 Ne5 24. Qd4 Nc6 25. Qxb6 e5 26. Bg5 f6 27. Bc1 Rb8 28. Qf2 Nxb4 29. Rcd2 Red8 30. c5 dxc5 31. Bc4+ Kh8 32. a3 Nc6 33. Bxa6 Rxd2 34. Qxd2 Rd8 35. Qc2 Nd4 36. Qc4 Bc6 37. Nf2 Bd7 38. f4 Be6 39. Qf1 Bb3 40. Rd3 c4 41. Rc3 Qa7 42. Bxc4 Rc8 43. Rxb3 Nxb3 44. Bxb3 Qxf2 45. Qxf2 Rxc1+ 46. Qg1 Rxg1+ 47. Kxg1 Bxa3 48. fxe5 1/2-1/2